000 00575nam a22002297a 4500
003 UA-OsUOA
001 121752
007 ta
008 20170328b un ||||| |||| 00| 0 ukr d
100 _aАбе Кобо
090 _a821.161.1
_bА14
942 _cBK
040 _aUA-OsUOA
_bukr
_cUA-OsUOA
_dUA-OsUOA
245 _aЖінка в пісках
300 _a602 С.
955 _a3
041 _aukr
080 _a821.161.1
260 _aК.
_bДніпро
_c1988
650 7 _a82 Література. Літературознавство
_2UDC
999 _c407794
_d407794